000 00863nam a2200241 i 4500
001 80262
003 ES-MaACL
005 20230906174156.0
007 t|
008 041027s1983 sp ||||1| spa d
020 _a84-600-3372-4
245 0 0 _aCurso de conferencias sobre historia de la física hasta el siglo XIX :
_bdesarrollado durante los meses de abril y mayo de 1983].
246 3 _aHistoria de la física hasta el siglo XIX
260 _aMadrid :
_bReal Academia de Ciencias Exactas, Físicas y Naturales,
_c1983.
300 _a341 p. ;
_c24 cm.
490 1 _aHistoria de la ciencia
504 _aBibliografía.
650 4 _aFísica-
_xHistoria.
_912882
710 2 _aReal Academia de Ciencias Exactas, Físicas y Naturales de España.
_9175635
830 1 _aHistoria de la ciencia
_9183649
852 _aES-MaACL
_jL-11234
999 _c80262
_d80262